Unraveling freedom : (Record no. 5781)

MARC details
000 -LEADER
fixed length control field 00884nam a22002417a 4500
001 - CONTROL NUMBER
control field 5781
003 - CONTROL NUMBER IDENTIFIER
control field FISKH
005 - DATE AND TIME OF LATEST TRANSACTION
control field 20250122151155.0
008 - FIXED-LENGTH DATA ELEMENTS--GENERAL INFORMATION
fixed length control field 250121b cb ||||| |||| 00| 0 eng d
020 ## - INTERNATIONAL STANDARD BOOK NUMBER
International Standard Book Number 9780545606936
040 ## - CATALOGING SOURCE
Original cataloging agency FISKH
Language of cataloging eng
Transcribing agency FISKH
Modifying agency FISKH
050 ## - LIBRARY OF CONGRESS CALL NUMBER
Classification number E780.B38
082 ## - DEWEY DECIMAL CLASSIFICATION NUMBER
Classification number 940.3
100 ## - MAIN ENTRY--PERSONAL NAME
Personal name Bausum, Ann
245 ## - TITLE STATEMENT
Title Unraveling freedom :
Remainder of title The battle for democracy on the home rront during World War I /
Statement of responsibility, etc. by Ann Bausum
260 ## - PUBLICATION, DISTRIBUTION, ETC.
Place of publication, distribution, etc. New York :
Name of publisher, distributor, etc. Scholastic ,
Date of publication, distribution, etc. 2010.
300 ## - PHYSICAL DESCRIPTION
Extent 88 pages :
Other physical details color illustrations ;
Dimensions 26 cm .
520 ## - SUMMARY, ETC.
Summary, etc. Looks at how U.S. presidents from Wilson to George W. Bush have suspended or revoked guaranteed freedoms in the country during times of war, and includes first-person stories and illustrations.
650 ## - SUBJECT ADDED ENTRY--TOPICAL TERM
Topical term or geographic name entry element democracy
Form subdivision non-fiction
700 ## - ADDED ENTRY--PERSONAL NAME
Personal name Ittner, Marty
Relator term designer
942 ## - ADDED ENTRY ELEMENTS (KOHA)
Source of classification or shelving scheme Dewey Decimal Classification
Koha item type Books
Suppress in OPAC No
Holdings
Withdrawn status Lost status Source of classification or shelving scheme Damaged status Not for loan Collection Home library Current library Shelving location Date acquired Total Checkouts Full call number Barcode Date last seen Copy number Price effective from Koha item type
    Dewey Decimal Classification     Non-Fiction Footprints International School Library Network Toul Tom Poung Campus Footprints International School Library Network Toul Tom Poung Campus TTP Secondary Non-Fiction Bookshelves 01/21/2025   BAU 940.3 E780.B38 FISSE01311 01/21/2025 1 01/21/2025 Books
    Dewey Decimal Classification     Non-Fiction Footprints International School Library Network Toul Tom Poung Campus Footprints International School Library Network Toul Tom Poung Campus TTP Secondary Non-Fiction Bookshelves 03/20/2025   BAU 940.3 E780.B38 FISSE01423 03/20/2025 2 03/20/2025 Books